书目信息 |
| 题名: |
药学品管圈实务
|
|
| 作者: | 王淑玲 主编 | |
| 分册: | ||
| 出版信息: | 北京 中国医药科技出版社 2017.10 |
|
| 页数: | 704页 | |
| 开本: | 25cm | |
| 丛书名: | ||
| 单 册: | ||
| 中图分类: | R954 | |
| 科图分类: | ||
| 主题词: | 药品管理--质量管理--研究 | |
| 电子资源: | ||
| ISBN: | 978-7-5067-9417-6 | |
| 000 | 01124nam0 2200229 450 | |
| 001 | 1335 | |
| 005 | 20180928084029.98 | |
| 010 | @a978-7-5067-9417-6@dCNY168.00 | |
| 100 | @a20171222d2017 em y0chiy50 ea | |
| 101 | 0 | @achi |
| 102 | @aCN@b110000 | |
| 105 | @ay z 000yy | |
| 200 | 1 | @a药学品管圈实务@9yao xue pin guan quan shi wu@f王淑玲主编 |
| 210 | @a北京@c中国医药科技出版社@d2017.10 | |
| 215 | @a704页@d25cm | |
| 314 | @a王淑玲,沈阳药科大学市场营销教研室主任,硕士研究生导师,中国药品监督管理研究会药品流通监管专业委员会品管圈项目组长。出版《连锁药店总部实用手册》《药事管理与法规》等。 | |
| 330 | @a本书介绍了药学品管圈对提高药学领域质量管理的作用及方法。全书分为七章,第一章介绍了药学基础知识和药学发展历程及药学品管圈设计的质量管理理论基础,药学品管圈特点,第二章介绍了药学品管圈的导入与推行、工具与手法和实施步骤及成果展示与评价,第三章至第七章对采购仓储与配送、药房作业流程、调配流程管理、临床用药服务、顾客关系管理等典型的真实品管圈案例。 | |
| 606 | 0 | @a药品管理@x质量管理@x研究 |
| 690 | @aR954@v5 | |
| 701 | 0 | @a王淑玲@9wang shu ling@4主编 |
| 801 | 0 | @aCN@b91MARC@c20171222 |
| 905 | @aMuseLib@dR954@e144 | |
| 药学品管圈实务/王淑玲主编.-北京:中国医药科技出版社,2017.10 |
| 704页;25cm |
| ISBN 978-7-5067-9417-6:CNY168.00 |
| 本书介绍了药学品管圈对提高药学领域质量管理的作用及方法。全书分为七章,第一章介绍了药学基础知识和药学发展历程及药学品管圈设计的质量管理理论基础,药学品管圈特点,第二章介绍了药学品管圈的导入与推行、工具与手法和实施步骤及成果展示与评价,第三章至第七章对采购仓储与配送、药房作业流程、调配流程管理、临床用药服务、顾客关系管理等典型的真实品管圈案例。 |
| ● |
| 相关链接 |
|
|
|
|
正题名:药学品管圈实务
索取号:R954/144
 
预约/预借
| 序号 | 登录号 | 条形码 | 馆藏地/架位号 | 状态 | 备注 |
| 1 | 1122145 | 211221453 | 第二样本阅览室/ [索取号:R954/144] | 在馆 | |
| 2 | 1122146 | 211221462 | 密集书库-生命科学系/ [索取号:R954/144] | 在馆 |